| 000 | 00979nam0a22002411 4500 | ||
|---|---|---|---|
| 001 | rc\918055 | ||
| 005 | 20041129095003.6 | ||
| 035 | _a(NLR Aleph) 006092319 | ||
| 090 |
_a5172220 _c5172220 |
||
| 100 | _a20041129d1982 u |0rusy50 ca | ||
| 101 | 0 | _arus | |
| 102 | _aRU | ||
| 105 | _aa ||||||||| | ||
| 200 | 1 |
_aЛингафонный практикум по английскому языку для 4 класса _eПособие для учащихся сред. школы |
|
| 210 |
_aМ. _cПросвещение _d1982 |
||
| 215 |
_a48 с. _cил. _d22 |
||
| 300 | _aИллюстратив. прил. [к Сборнику упражнений для лингафон. практикума по англ. яз. для занятий учащихся 4 кл. в лингафон. каб.] | ||
| 700 | 1 |
_aГорчев _bА. Ю. _gАнатолий Юрьевич |
|
| 801 | 0 |
_aRU _bNLR _gpsbo |
|
| 801 | 1 |
_aRU _bELAR _2rusmarc |
|
| 852 |
_aNLR _j83-6/8003 |
||
| 942 | _cBOOK | ||
| 980 | _aNB | ||